Creep / (Record no. 22309)

000 -LEADER
fixed length control field 01168nam a22002537a 4500
005 - DATE AND TIME OF LATEST TRANSACTION
control field 20260416133445.0
008 - FIXED-LENGTH DATA ELEMENTS--GENERAL INFORMATION
fixed length control field 260414b xxu||||| |||| 00| 0 eng d
040 ## - CATALOGING SOURCE
Transcribing agency Cagayan State University
082 ## - DEWEY DECIMAL CLASSIFICATION NUMBER
Classification number 791.4372
Item number C913 2015
245 ## - TITLE STATEMENT
Title Creep /
Statement of responsibility, etc directed by Patrick Brice ; produced by Jason Blum ; Josh Braun, executive producer ; Christopher Donlon, co producer ; written by Patrick Brice and Mark Duplass.
260 ## - PUBLICATION, DISTRIBUTION, ETC. (IMPRINT)
Place of publication, distribution, etc United States :
Name of publisher, distributor, etc BlumHouse Productions,
Date of publication, distribution, etc 2015.
300 ## - PHYSICAL DESCRIPTION
Extent 1 videofile ( ca. 77 mins. ) :
Other physical details sound, color.
520 ## - SUMMARY, ETC.
Summary, etc A young videographer answers an online ad for a one-day job in a remote town to record the last messages of a dying man. When he notices the man's odd behavior, he starts to question his intentions.
521 ## - TARGET AUDIENCE NOTE
Target audience note Rated R for brief violence and language.
546 ## - LANGUAGE NOTE
Language note In English subtitle.
650 ## - SUBJECT ADDED ENTRY--TOPICAL TERM
Topical term or geographic name as entry element Horror.
650 ## - SUBJECT ADDED ENTRY--TOPICAL TERM
Topical term or geographic name as entry element Psychological Thriller.
650 ## - SUBJECT ADDED ENTRY--TOPICAL TERM
Topical term or geographic name as entry element B-Horror.
700 ## - ADDED ENTRY--PERSONAL NAME
Personal name Brice, Patrick, director, writer and star.
700 ## - ADDED ENTRY--PERSONAL NAME
Personal name Duplass, Mark, writer, producer and star.
700 ## - ADDED ENTRY--PERSONAL NAME
Personal name Blum, Jason, and Braun, Josh, producers.
700 ## - ADDED ENTRY--PERSONAL NAME
Personal name Aselton, Katie, star.
942 ## - ADDED ENTRY ELEMENTS (KOHA)
Source of classification or shelving scheme
Item type Audio-Visual Materials
Holdings
Source of acquisition Price effective from Permanent location Date last seen Not for loan Date acquired Source of classification or shelving scheme Koha item type Damaged status Lost status Shelving location Withdrawn status Current location Full call number
Donations2026-04-16Cagayan State University - Carig Library2026-04-16 2026-04-16 Audio-Visual Materials  Electronic Media Center Cagayan State University - Carig Library791.4372

Cagayan State University University Library, Carig Campus
Tuguegarao City, Cagayan 3500 | www.csucarig.edu.ph

Powered by Koha